000 00435nab a2200145Ia 4500
003 ES-SlBCS
005 20210601131922.0
008 140529s2006 xxu||||| |||| 00| 0 ger d
041 _ager
100 1 _aNiggli, Ursula
_9190128
245 0 0 _aHeloisa oder die Sehnsucht nach Freundschaft
_c Ursula Niggli
650 0 4 _aHeloísa
_9165909
773 0 _tEducaçao e Filosofia
_gvol. 20, nº. 40, 2006, págs. 173-206
_wRev1534
942 _cAR
999 _c571068
_d571068